000 00394nam a2200169Ia 4500
001 6571
003 IN-NITTTR
005 20251114233020.0
008 251113s9999||||xx |||||||||||||| ||eng||
040 _beng
040 _cIN-NITTTR
041 _aeng
082 _a020.7 S13M
100 _aSabor, Josefa E.
245 0 _aMethod of teaching librarianship /
_cSabor, Josefa E.
942 _2ddc
_cBK
999 _c9209
_d9209